| 000 | 00842nam a2200229 i 4500 | ||
|---|---|---|---|
| 005 | 20200104041551.0 | ||
| 008 | 140317s2004 pe ||||| |||| 00| 0 spa d | ||
| 040 |
_aCO-BoIAVH _cCO-BoIAVH |
||
| 041 | _aspa | ||
| 044 | _ape | ||
| 082 | 0 | 4 |
_a333.95416 _bC74c |
| 111 | 2 |
_aCongreso Internacional sobre Manejo de Fauna Silvestre de la Amazonía y Latinoamérica _cIquitos _d2004 _nVI |
|
| 245 | 1 | 3 |
_aVI Congreso internacional sobre manejo de fauna Silvestre de la Amazonía y Latinoamérica : _blibro de resúmenes |
| 260 |
_aIquitos : _bSNV, _c2004 |
||
| 300 |
_a125 páginas ; _c30 cm. |
||
| 650 | 1 | 4 | _aConservación de la vida silvestre |
| 650 | 2 | 4 | _aConservación de especies |
| 650 | 2 | 4 |
_aFauna _xConservación |
| 650 | 2 | 4 | _aGestión de la vida silvestre |
| 942 |
_cLIBRO _2ddc |
||
| 945 | _d2005-06-13 | ||
| 999 |
_c4558 _d4558 |
||